| 000 | 00614nam a2200217 a 4500 | ||
|---|---|---|---|
| 001 | 66500 | ||
| 003 | BD-RjUL | ||
| 005 | 20211209081541.0 | ||
| 008 | 170316s1964 enka|||| |||| 001 0 eng d | ||
| 035 | _a(BD-RjUL)66630 | ||
| 040 |
_aBD-RjUL _beng _cBD-RjUL |
||
| 041 | _aeng | ||
| 082 |
_223 _a623.4409 _bELC 1964 |
||
| 100 |
_aEllacott, S. E. _9196816 |
||
| 245 |
_aCollecting arms and armour / _b S. E. Ellacott |
||
| 260 |
_aLondon : _bArco publications, _cc1964. |
||
| 300 |
_a128p. ; _bill : _c21cm. |
||
| 500 | _aIncludes Indexes | ||
| 650 |
_aWeapons- collectors and collecting _9196817 |
||
| 942 |
_2ddc _cBK |
||
| 999 |
_c66500 _d66500 |
||